EXPLORATION SEISMOLOGY (Record no. 25847)

MARC details
000 -LEADER
fixed length control field 00306nam a22001457a 4500
003 - CONTROL NUMBER IDENTIFIER
control field SGT
020 ## - INTERNATIONAL STANDARD BOOK NUMBER
International Standard Book Number 9780199498741
082 ## - DEWEY DECIMAL CLASSIFICATION NUMBER
Classification number 510,SHE
100 ## - MAIN ENTRY--PERSONAL NAME
Personal name SHERIFF, ROBERT E.
245 ## - TITLE STATEMENT
Title EXPLORATION SEISMOLOGY
250 ## - EDITION STATEMENT
Edition statement 2ND
260 ## - PUBLICATION, DISTRIBUTION, ETC. (IMPRINT)
Place of publication, distribution, etc NEW YORK
Year of Publication 1995
Name of publisher, distributor, etc COMBRIDGE
300 ## - PAGE DESCRIPTION
No. of Pages 592
942 ## - ADDED ENTRY ELEMENTS (KOHA)
Source of classification or shelving scheme Dewey Decimal Classification
Koha item type Books
Holdings
Withdrawn status Lost status Source of classification or shelving scheme Damaged status Not for loan Collection code Home library Current library Shelving location Date acquired Vendor Name Cost, normal purchase price SGTU Bill Number Total Checkouts Full call number Accession No. (Barcode) Date last seen Date last borrowed Bill Date Koha item type Use restrictions
    Dewey Decimal Classification     ENGINEERING SGT Engineering Library SGT Engineering Library Text Book 06/04/2024 BRIJWASI BOOK DISTRIBUTORS 7698.00 SGTU INBW/000-146 3 510,SHE FE8996 24/06/2025 24/06/2025 06/03/2024 Books  
    Dewey Decimal Classification   Not For Loan ENGINEERING SGT Engineering Library SGT Engineering Library Reference Book 06/04/2024 BRIJWASI BOOK DISTRIBUTORS 7698.00 SGTU INBW/000-146   510,SHE FE8997 06/04/2024   06/03/2024 Books Restricted Access